Business Organisation and Mgt (Record no. 2356)

MARC details
000 -LEADER
fixed length control field 00413nam a22001697a 4500
005 - DATE AND TIME OF LATEST TRANSACTION
control field 20180702153625.0
008 - FIXED-LENGTH DATA ELEMENTS--GENERAL INFORMATION
fixed length control field 160601b xxu||||| |||| 00| 0 eng d
020 ## - INTERNATIONAL STANDARD BOOK NUMBER
ISBN 81-7808-773-1
041 ## - LANGUAGE CODE
Language code of text/sound track or separate title eng
082 ## - DEWEY DECIMAL CLASSIFICATION NUMBER
Item number 6762
Classification number 658
100 ## - MAIN ENTRY--AUTHOR NAME
Personal name Tulsian, P.C. Pandey, Vishal
245 ## - TITLE STATEMENT
Title Business Organisation and Mgt
260 ## - PUBLICATION, DISTRIBUTION, ETC. (IMPRINT)
Name of publisher pearson education
300 ## - PHYSICAL DESCRIPTION
Number of Pages 661
650 ## - SUBJECT ADDED ENTRY--TOPICAL TERM
Topical Term Management
942 ## - ADDED ENTRY ELEMENTS (KOHA)
Koha item type Books
Holdings
Lost status Damaged status Home library Current library Shelving location Date acquired Cost, normal purchase price Full call number Accession Number Koha item type Collection code
    JRU Library   SHELF-17-D 01/06/2016 195.00 658 6762 Books  
    JRU Library JRU Library SHELF-71-F 01/06/2016 195.00 658 6763 Books MANAGEMENT
    JRU Library JRU Library SHELF-71-F 01/06/2016 195.00 658 6764 Books MANAGEMENT